Does That Animal Live in South America? Quiz Stats

Quiz Updated Aug 23, 2016

Challenge
Share
Tweet
Embed
Score 0/20 Timer 05:00
2 Plays Today
% Correct
Poison frog
86.6%
Iguana
83.4%
Toucan
82.2%
Tarantula
81.3%
Macaw
78.7%
Jaguar
78.6%
Sloth
78.4%
Vicuña
77.6%
Capybara
77.4%
Tapir
73.2%
% Correct
Caiman
72.9%
Armadillo
71.4%
Anteater
71.3%
Ocelot
69%
Scorpion
68.8%
Tamarin
65.3%
Pygmy marmoset
64.7%
Agouti
58.6%
Spectacled bear
51.1%
Rhea
44.7%

You're not logged in!

Compare scores with friends on all Sporcle quizzes.
Join for Free
OR
Log In

You Might Also Like...

Show Comments

Extras

Top Quizzes Today


Score Distribution

Your Account Isn't Verified!

In order to create a playlist on Sporcle, you need to verify the email address you used during registration. Go to your Sporcle Settings to finish the process.

Report this User

Report this user for behavior that violates our Community Guidelines.

Details: